| 000 | 00769nam a2200253 a 4500 | ||
|---|---|---|---|
| 001 | BRL_632 | ||
| 005 | 20190320210828.0 | ||
| 008 | 110913s1956----nyuo######---#000-0#eng-# | ||
| 041 | _aeng | ||
| 044 | _anyu | ||
| 050 | 4 |
_aND25 _b.T37 18 1956 |
|
| 100 | 1 |
_aVenturi, Lionello _d1885-1961 _923423 |
|
| 245 | 1 | 0 |
_aChagall _bbiographical and critical study _cBy Lionello Venturi ; Translated by S. J. C. Harrison and James Emmons. |
| 260 |
_aNew York _bSkira _c1956 |
||
| 300 |
_a122 p. _bil. _c19 cm. |
||
| 440 | 0 |
_aThe taste of our time _v18 _920301 |
|
| 500 | _aAu710 | ||
| 504 | _aBibliografía: p. 108-113 | ||
| 600 | 1 | 4 |
_aChagall, Marc _d1887-1985 _922998 |
| 700 | 1 |
_aHarrison, S. J. C. _922869 |
|
| 700 | 1 |
_aEmmons, James _923424 |
|
| 902 | _aGRL | ||
| 942 |
_2lcc _cB |
||
| 999 |
_c9444 _d9444 |
||